European Union Construction on a Map - Statistics

General Stats
  • This quiz has been taken 2,906 times
  • The average score is 8 of 9
Answers on the Map
Answers color-coded by a green-red scale on the quiz's map according to % correct below.
 
Answer Stats
Year Change Countries % Correct
1957 +6 Belgium | France | Germany | Italy | Luxembourg | Netherlands
100%
1972 +3 Denmark | Ireland | United Kingdom
96%
2003 +10 Cyprus | Czech Republic | Estonia | Hungary | Latvia | Lithuania | Malta | Poland | Slovakia | Slovenia
91%
1994 +3 Austria | Finland | Sweden
89%
1985 +2 Portugal | Spain
89%
1979 +1 Greece
87%
2005 +2 Bulgaria | Romania
85%
2012 +1 Croatia
85%
2020 -1 United Kingdom
79%
No matching quizzes found
Score Distribution
Percent of People with Each Score
Percentile by Number Answered
Your Score History
You have not taken this quiz